| Tag |
First Indicator |
Second Indicator |
Subfields |
| LEADER |
00000cam a2200000 i 4500 |
| 001 |
in00000012235 |
| 005 |
20151007051803.0 |
| 008 |
790205s1979 caua 00110 eng |
| 010 |
|
|
|a 79004106
|
| 020 |
|
|
|a 0534006949
|
| 035 |
|
|
|a (OCoLC)04776660
|
| 035 |
|
|
|9 AAA4791AM
|
| 040 |
|
|
|a DLC
|c DLC
|d m.c.
|d TXA
|d UtOrBLW
|
| 049 |
|
|
|a TXAM
|c [A10924229]
|
| 050 |
0 |
0 |
|a QA76.73.B3
|b L39
|
| 082 |
0 |
|
|a 001.6/424
|
| 100 |
1 |
|
|a Lawlor, Steven C.
|
| 245 |
1 |
0 |
|a Basic /
|c Steven C. Lawlor ; [computer science editor, H. Michael Snell ; technical illustrator, Carl Brown].
|
| 264 |
|
1 |
|a Belmont, Calif. :
|b Wadsworth Pub. Co.,
|c [1979]
|
| 264 |
|
4 |
|c ©1979
|
| 300 |
|
|
|a xi, 218 pages :
|b illustrations ;
|c 24 cm.
|
| 336 |
|
|
|a text
|b txt
|2 rdacontent
|
| 337 |
|
|
|a unmediated
|b n
|2 rdamedia
|
| 338 |
|
|
|a volume
|b nc
|2 rdacarrier
|
| 500 |
|
|
|a Includes index.
|
| 650 |
|
0 |
|a BASIC (Computer program language)
|
| 999 |
|
|
|a MARS
|
| 999 |
f |
f |
|s 0a137f04-c9d4-3779-9e84-ecf84002c22e
|i c5d34f69-860a-3ebf-b86a-a740ed3e97dc
|t 0
|
| 952 |
f |
f |
|p ric
|a Texas A&M University
|b Rellis Campus
|c Joint Library Facility
|d Remote Storage
|t 0
|e QA76.73.B3 L39
|h Library of Congress classification
|i unmediated -- volume
|m A14810924229
|
| 998 |
f |
f |
|a QA76.73.B3 L39
|t 0
|l Remote Storage
|